100 Largest Cities in Bangladesh - Statistics

General Stats
  • This quiz has been taken 14 times
  • The average score is 8 of 100
Answers on the Map
Answers color-coded by a green-red scale on the quiz's map according to % correct below.
 
Answer Stats
Population Answer % Correct
10,295,786 Dhaka
100%
3,230,507 Chittagong
78%
719,557 Khulna
56%
532,839 Sylhet
56%
577,000 Mymensingh
44%
708,570 Rangpur
44%
967,951 Narayanganj
33%
419,484 Barishal
22%
486,016 Bogra
22%
196,385 Cox's Bazar
22%
440,233 Cumilla
22%
234,357 Feni
22%
2,677,715 Gazipur
22%
209,352 Jessore
22%
180,711 Narsingdi
22%
553,288 Rajshahi
22%
264,341 Brahmanbaria
11%
94,398 Chakaria
11%
203,451 Chandpur
11%
201,005 Chapai
11%
212,288 Dinajpur
11%
237,283 Faridpur
11%
108,523 Gopalganj
11%
158,889 Jamalpur
11%
249,111 Kaliakair
11%
138,063 Kishoreganj
11%
221,806 Kushtia
11%
132,230 Lakshmipur
11%
88,743 Madaripur
11%
93,120 Munshiganj
11%
176,005 Pabna
11%
66,809 Patiya
11%
72,679 Pirojpur
11%
143,538 Saidpur
11%
384,105 Savar
11%
212,887 Tangail
11%
57,941 Barura
0%
80,182 Belkuchi
0%
63,337 Bera
0%
156,297 Bhairab
0%
57,159 Bhola
0%
79,363 Boalkhali
0%
58,665 Chandina
0%
100,065 Chaumohoni
0%
59,131 Chhagalnaiya
0%
97,548 Chuadanga
0%
71,887 Debidwar
0%
81,260 Dhamrai
0%
79,264 Gaibandha
0%
101,690 Ghorashal
0%
55,235 Gopalpur
0%
85,644 Habiganj
0%
79,483 Hajiganj
0%
60,376 Haragacha
0%
94,225 Hathazari
0%
57,449 Hatiya
0%
81,139 Ishwardi
0%
84,921 Jaipurhat
0%
68,194 Jhalakati
0%
140,271 Jhenaidah
0%
58,833 | 60,584 Kaliganj
0%
58,019 Kanchan
0%
58,875 Khagrachhari
0%
90,746 Kurigram
0%
95,110 Laksham
0%
67,135 Lalmonirhat
0%
73,911 Madhabdi
0%
63,741 Madhupur
0%
114,249 Magura
0%
97,496 Manikganj
0%
65,768 Matlab
0%
68,304 Maulvi Bazar
0%
61,421 Muktagachha
0%
68,219 Nabinagar
0%
65,999 Nageshwari
0%
68,323 Najirhat
0%
178,649 Naogaon
0%
66,523 Naohata
0%
87,067 Natore
0%
122,299 Netrakona
0%
75,483 Nilphamari
0%
132,198 Noakhali
0%
96,060 Noapara
0%
57,010 Panchagarh
0%
82,521 Patuakhali
0%
65,421 Rajbari
0%
106,069 Rangamati
0%
70,101 Raozan
0%
55,840 Sarishabari
0%
138,411 Satkhira
0%
76,015 Shahjadpur
0%
70,581 Shariatpur
0%
123,516 Sherpur
0%
188,549 Sirajganj
0%
258,973 Sreepur
0%
74,595 Sunamganj
0%
197,672 Tarabo
0%
100,462 Thakurgaon
0%
58,718 Ullahpara
0%
No matching quizzes found
Score Distribution
Percent of People with Each Score
Percentile by Number Answered
Your Score History
You have not taken this quiz